| 000 | 01619cam a2200445 a 4500 | ||
|---|---|---|---|
| 001 | BK0009468606 | ||
| 003 | DLC | ||
| 005 | 20241220131123.0 | ||
| 008 | 110513s2011 nyu d 000 1 eng d | ||
| 010 | _a2011015892 | ||
| 020 |
_a9781416971771 : HRD _c19.99 |
||
| 020 |
_a1416971777 : HRD _c19.99 |
||
| 037 |
_bSimon & Schuster, 100 Front st, Riverside, NJ, USA, 08075-7500 _nSAN 200-2442 |
||
| 040 |
_aDLC _cDLC _dDLC _erda |
||
| 050 | 0 | 0 |
_aPZ7.W5197 _bGo 2011 |
| 082 | 0 | 0 |
_a[Fic] _222 |
| 092 | _aFIC | ||
| 100 | 1 |
_aWesterfeld, Scott. _931843 _eauthor |
|
| 245 | 1 | 0 |
_aGoliath / _cwritten by Scott Westerfeld ; illustrated by Keith Thompson. |
| 246 | 3 | 0 | _aLeviathan |
| 246 | 3 | 0 | _aLeviathan Book Three |
| 246 | 3 | 0 | _aLeviathan Book 3 |
| 250 | _a1st Simon Pulse hardcover ed. | ||
| 260 |
_aNew York : _bSimon Pulse, _c2011. |
||
| 264 | 1 |
_aNew York : _bSimon Pulse, _c2011. |
|
| 300 |
_a543 p. : _bill. ; _c24 cm. |
||
| 336 | _atext | ||
| 337 | _aunmediated | ||
| 338 | _avolume | ||
| 440 |
_aLeviathan : _v Book 3. _96366832 |
||
| 500 | _aSequel to: Behemoth. | ||
| 520 | _aAlek and Deryn encounter obstacles on the last leg of their round-the-world quest to end World War I, reclaim Alek's throne as prince of Austria, and finally fall in love. | ||
| 650 | 1 |
_aImaginary creatures _vFiction. _95676050 |
|
| 650 | 1 |
_aPrinces _vFiction. _95678712 |
|
| 650 | 1 |
_aWar _vFiction. _95795454 |
|
| 650 | 1 |
_aGenetic engineering _vFiction. _95673840 |
|
| 650 | 1 |
_aScience fiction. _96224682 |
|
| 700 | 1 |
_aThompson, Keith, _d1982- _eill. _95908304 |
|
| 942 |
_2ddc _cBOOK |
||
| 999 |
_c78708 _d78708 |
||